000 00772cam a22002653a 4500
001 19441
003 PGUSA
005 20140828083419.0
008 061002s2006||||xxu|||||s|||||000 1 eng d
040 _aPGUSA
_beng
042 _adc
050 4 _aPR
100 1 _aWilliamson, C. N.
_q(Charles Norris),
_d1859-1920
245 1 0 _aMy Friend the Chauffeur
_h[electronic resource] /
_cC. N. Williamson
260 _bProject Gutenberg,
_c2006
506 _aPublic domain in the USA.
516 _aElectronic text
653 _aVoyages and travels -- Fiction
653 _aAutomobiles -- Fiction
653 _aEurope -- Fiction
700 1 _aLowenheim, Frederic
830 0 _aProject Gutenberg
_v19441
856 4 0 _uhttp://www.gutenberg.org/ebooks/19441
942 _cEB
999 _c248696
_d248696